书目信息 |
| 题名: |
时滞随机系统的微分博弈理论及应用
|
|
| 作者: | 朱怀念 著 | |
| 分册: | ||
| 出版信息: | 北京 社会科学文献出版社 2019.1 |
|
| 页数: | 154页 | |
| 开本: | 24cm | |
| 丛书名: | ||
| 单 册: | ||
| 中图分类: | O172.1 , O225 | |
| 科图分类: | ||
| 主题词: | 时滞系统--shi zhi xi tong--博弈论--研究 | |
| 电子资源: | ||
| ISBN: | 978-7-5201-4078-2 | |
| 000 | 01215nam0 2200277 45 | |
| 001 | 012001002318 | |
| 005 | 20131110144827.0 | |
| 010 | @a978-7-5201-4078-2@dCNY69.00 | |
| 099 | @aCAL 012019010390 | |
| 100 | @a20190129d2018 em y0chiy50 ea | |
| 101 | 0 | @achi |
| 102 | @aCN@b110000 | |
| 105 | @aa a 000yy | |
| 106 | @ar | |
| 200 | 1 | @a时滞随机系统的微分博弈理论及应用@Ashi zhi sui ji xi tong de wei fen bo yi li lun ji ying yong@d= Differential game theory of stochastic time-delay systems with its application@f朱怀念著@zeng |
| 210 | @a北京@c社会科学文献出版社@d2019.1 | |
| 215 | @a154页@c图@d24cm | |
| 320 | @a有书目 (第138-154页) | |
| 330 | @a本书以工程和经济金融领域中广泛使用的时滞随机系统为研究对象,在已有时滞系统最优控制理论和微分博弈理论的基础上,利用动态优化理论中的最大值原理、配方法等,系统研究时滞随机系统的微分博弈问题,并给出其在随机H2/H∞控制和数理经济学中的应用分析。 | |
| 510 | 1 | @aDifferential game theory of stochastic time-delay systems with its application@zeng |
| 606 | 0 | @a时滞系统@Ashi zhi xi tong@x博弈论@x研究 |
| 690 | @aO172.1@v5 | |
| 690 | @aO225@v5 | |
| 701 | 0 | @a朱怀念@Azhu huai nian@4著 |
| 801 | 0 | @aCN@b北京卓展@c20191020 |
| 905 | @b1205249-52@dO172.1@e175@f4 | |
| 时滞随机系统的微分博弈理论及应用= Differential game theory of stochastic time-delay systems with its application/朱怀念著.-北京:社会科学文献出版社,2019.1 |
| 154页:图;24cm |
| ISBN 978-7-5201-4078-2:CNY69.00 |
| 本书以工程和经济金融领域中广泛使用的时滞随机系统为研究对象,在已有时滞系统最优控制理论和微分博弈理论的基础上,利用动态优化理论中的最大值原理、配方法等,系统研究时滞随机系统的微分博弈问题,并给出其在随机H2/H∞控制和数理经济学中的应用分析。 |
| ● |
| 相关链接 |
|
|
|
|
正题名:时滞随机系统的微分博弈理论及应用
索取号:O172.1/175
 
预约/预借
| 序号 | 登录号 | 条形码 | 馆藏地/架位号 | 状态 | 备注 |
| 1 | 1205249 | 212052491 | 第二样本阅览室/ [索取号:O172.1/175] | 在馆 | |
| 2 | 1205250 | 212052507 | 第三借阅区/ [索取号:O172.1/175] | 在馆 | |
| 3 | 1205251 | 212052516 | 第三借阅区/ [索取号:O172.1/175] | 在馆 | |
| 4 | 1205252 | 212052525 | 第三借阅区/ [索取号:O172.1/175] | 在馆 |